000
00317nam a2200133Ia 4500
100
_a
Antia H.M
942
_c
BK
654
_a
Scientists and engineers
245
_a
Numerical methods for scientists and engineers
260
_b
Tata McGraw Hill
_a
New Delhi
_c
1991
300
_a
977
546
_a
ENGLISH
999
_c
21382
_d
21382